000 00262nam a2200109Ia 4500
008 190914s9999||||xx |||||||||||||| ||und||
100 _aJonathan Berk
245 0 _aFinancial Management
260 _aNew Delhi
_bPrentice Hall
_c2004
300 _a790
942 _cBK
999 _c9902
_d9902